书目信息 |
| 题名: |
逆境领导力
|
|
| 作者: | 勒兵杰 著 ;卫五名 译 | |
| 分册: | ||
| 出版信息: | 北京 北京大学出版社 2017 |
|
| 页数: | 427页 | |
| 开本: | 23cm | |
| 丛书名: | ||
| 单 册: | ||
| 中图分类: | C934 | |
| 科图分类: | ||
| 主题词: | 危机管理--wei ji guan li | |
| 电子资源: | ||
| ISBN: | 978-7-301-28078-2 | |
| 000 | 01803nam0 2200325 450 | |
| 001 | 012017000044 | |
| 005 | 20180111091216.54 | |
| 010 | @a978-7-301-28078-2@b@dCNY78.00 | |
| 100 | @a20171025d2017 em y0chiy0121 ea | |
| 101 | 1 | @achi@ceng |
| 102 | @aCN@b110000 | |
| 105 | @ay a 001yy | |
| 106 | @ar | |
| 200 | 1 | @a逆境领导力@Ani jing ling dao li@e危机管理者如何面对灾害、冲突与失灵@f(美) 奥图·勒兵杰著@d= The crisis manager@efacing disasters, conflicts, and failures@fOtto Lerbinger@g卫五名译@zeng |
| 210 | @a北京@c北京大学出版社@d2017 | |
| 215 | @a427页@c@d23cm | |
| 305 | @a译自原书第2版 | |
| 306 | @a本书中文简体字翻译版授权由北京大学出版社独家出版 | |
| 314 | @a奥图·勒兵杰 (Otto Lerbinger), 美国波士顿大学荣誉退休教授, 从教超过50年; 拥有麻省理工学院经济学和社会科学博士学位, 公关学界人士。卫五名, 中国传媒大学与美国马里兰大学 (University of Maryland, College Park) 联合培养博士, 现任教于中国传媒大学广告学院公共关系系。 | |
| 320 | @a有书目 (第315-412页) 和索引 | |
| 330 | @a本书聚焦于从本地化到国际化的各类危机实例, 围绕预测和应对自然环境中的危机、人为环境危机和管理失灵危机, 以及为降低此类事件的负面影响, 组织需要采取的实际公关步骤, 提供了充满智慧的咨询建议, 以期指引危机管理的专业人士, 在高度不确定的条件下做出恰当的决策, 认识和把握当下成功的危机管理需要的思路与途径--最坏的打算, 最好的准备, 不要浪费一场危机, 与风险共舞。 | |
| 500 | 10 | @aCrisis manager : facing disasters, conflicts, and failures@mChinese |
| 517 | 1 | @a危机管理者如何面对灾害、冲突与失灵@Awei ji guan li zhe ru he mian dui zai hai 、chong tu yu shi ling |
| 606 | 0 | @a危机管理@Awei ji guan li |
| 690 | @aC934@v5 | |
| 701 | 1 | @a勒兵杰@Ale bing jie@g(Lerbinger, Otto)@4著 |
| 702 | 0 | @a卫五名@Awei wu ming@4译 |
| 801 | 0 | @aCN@b湖北三新@c20171025@g |
| 905 | @aBZT@dC934@e12 | |
| 906 | @dCNY78.00@n5@r1 | |
| 逆境领导力:危机管理者如何面对灾害、冲突与失灵/(美) 奥图·勒兵杰著= The crisis manager:facing disasters, conflicts, and failures/Otto Lerbinger/卫五名译.-北京:北京大学出版社,2017 |
| 427页;23cm |
| ISBN 978-7-301-28078-2:CNY78.00 |
| 本书聚焦于从本地化到国际化的各类危机实例, 围绕预测和应对自然环境中的危机、人为环境危机和管理失灵危机, 以及为降低此类事件的负面影响, 组织需要采取的实际公关步骤, 提供了充满智慧的咨询建议, 以期指引危机管理的专业人士, 在高度不确定的条件下做出恰当的决策, 认识和把握当下成功的危机管理需要的思路与途径--最坏的打算, 最好的准备, 不要浪费一场危机, 与风险共舞。 |
| ● |
| 相关链接 |
|
|
|
正题名:逆境领导力
索取号:C934/12
 
预约/预借
| 序号 | 登录号 | 条形码 | 馆藏地/架位号 | 状态 | 备注 |
| 1 | 842265 | 2000842265 | 第二书库/ [索取号:C934/12] | 在馆 | |
| 2 | 842266 | 2000842266 | 第二书库/ [索取号:C934/12] | 在馆 | |
| 3 | 842267 | 2000842267 | 第二书库/ [索取号:C934/12] | 在馆 | |
| 4 | 842268 | 2000842268 | 第二书库/ [索取号:C934/12] | 在馆 | |
| 5 | 842269 | 2000842269 | 第二书库/ [索取号:C934/12] | 在馆 |